| 000 | 00341nam a22001337a 4500 | ||
|---|---|---|---|
| 020 | _a9780751331158 | ||
| 040 | _cNust | ||
| 082 |
_a004.67 _bCOO |
||
| 100 |
_aBrian Cooper _9125391 |
||
| 245 | _aEssential internet Guide | ||
| 260 |
_aLondon: _bDorling Kindersley, _c2000. |
||
| 650 |
_aEssential internet Guide _9125392 |
||
| 942 |
_2ddc _cBK |
||
| 999 |
_c611146 _d611146 |
||